Countries Begining And Ending With Consonants - Statistics

General Stats
  • This quiz has been taken 2,217 times
    1,839 since last reset
  • The average score is 42 of 58
Answer Stats
Country % Correct
Finland
91%
Sweden
90%
Spain
89%
Portugal
88%
Poland
84%
Belgium
83%
Brazil
83%
Japan
83%
Kazakhstan
83%
Denmark
82%
Turkmenistan
81%
Kyrgyzstan
80%
Netherlands
80%
New Zealand
80%
Tajikistan
79%
Luxembourg
78%
Pakistan
78%
Switzerland
78%
Belarus
77%
Liechtenstein
76%
Bhutan
74%
Thailand
74%
Vietnam
74%
Laos
73%
Marshall Islands
73%
Solomon Islands
73%
Jordan
72%
Nepal
71%
Chad
70%
Dominican Republic
70%
Bahrain
69%
Saint Kitts and Nevis
69%
Saint Vincent and the Grenadines
69%
Bahamas
68%
Bangladesh
68%
Lebanon
68%
Qatar
68%
Sudan
68%
Benin
67%
Czech Republic
67%
South Sudan
67%
Honduras
65%
Kuwait
65%
Philippines
65%
Barbados
64%
Madagascar
64%
Niger
63%
Comoros
62%
Myanmar
61%
Seychelles
61%
Taiwan
61%
Cyprus
60%
Cameroon
59%
Senegal
59%
Central African Republic
58%
Gabon
58%
Mauritius
58%
Maldives
55%
No matching quizzes found
Score Distribution
Percent of People with Each Score
Percentile by Number Answered
Your Score History
You have not taken this quiz since the last reset